Step by step guide to correct English

Tallennettuna:
Bibliografiset tiedot
Aineistotyyppi: Kirja
Julkaistu: 1997
Tagit: Lisää tagi
Ei tageja, Lisää ensimmäinen tagi!
Thư viện lưu trữ: Mạng thư viện Đại học Đà Nẵng
LEADER 00454nam a22001811a 4500
001 000037614
003 13909
005 20160412020407.0
008 160412s1997 000
082 |a 4A(07)922-26 
245 |a Step by step guide to correct English  |c Lê Huy Lâm dịch 
260 |c 1997 
OWN |a LNN 
999 |a From the UDN01 
TYP |a Monograph 
980 |a Mạng thư viện Đại học Đà Nẵng